Infinity War Quiz - Statistics

General Stats
  • This quiz has been taken 117 times
  • The average score is 10 of 15
Answer Stats
Question Answer % Correct
Green Infinity Stone Time
100%
Yellow Infinity Stone Mind
96%
Red Infinity Stone Reality
96%
Orange Infinity Stone Soul
96%
Purple Infinity Stone Power
95%
Blue Infinity Stone Space
95%
Captain America's Shield Material? Vibranium
87%
Name of Thor's Axe? Storm Breaker
74%
Where is the Soul Stone Located? Vormir
68%
First Hero Erased By Thanos? Winter Soldier
52%
What alien race is Thanos? Titan
51%
Edition of Iron Man's Armor in Infinity War? Mark L (50)
23%
Where Thor's Axe Created? Nidavellir
22%
New Name for Captain America? Nomad
6%
Name of Guardian's New Ship? The Benetar
5%
No matching quizzes found
Score Distribution
Percent of People with Each Score
Percentile by Number Answered
Your Score History
You have not taken this quiz